000 00444nmm a2200157Ia 4500
008 251105s9999||||xx |||||||||||||||||und||
020 _a9788467178173
041 _aspa
100 _aCornick, Nicola
245 0 _aOdio y pasión
264 _a[Madrid, España] :
_bHarlequin,
_c[Fecha de publicación no identificada]
300 _a0 páginas
650 _aRomance
856 _uhttps://public.digitaliapublishing.com/a/92012
942 _cCF
999 _c83575
_d83575